| 000 | 00350nam a2200145Ia 4500 | ||
|---|---|---|---|
| 008 | 221030s9999 xx 000 0 und d | ||
| 020 | _a8120330740 | ||
| 041 | _aEnglish | ||
| 100 | _aS. S. S. Kumar | ||
| 245 | 0 |
_aFinancial Derivatives _cby S. S. S. Kumar |
|
| 260 |
_bPHI _aNew Delhi _c2011 |
||
| 300 | _a401 | ||
| 650 | _aManagement | ||
| 942 | _cBK | ||
| 999 |
_c17007 _d17007 |
||